[Event "CFriend MZ-2004-6-00001 email"]
[Site "Chessfriend.com"]
[Date "2004.08.28"]
[Round "1"]
[White "Babkin, Pavel"]
[Black "Noble, Walden"]
[Result "0-1"]
[WhiteElo "1616"]
[BlackElo "1926"]
[PlyCount "20"]
[EventDate "2004.??.??"]
[EventType "tourn (corr)"]
[EventRounds "6"]
[SourceTitle "Corr 2024"]
[Source "ChessBase"]
[SourceDate "2023.10.19"]
[SourceVersion "1"]
[SourceVersionDate "2023.10.19"]
[SourceQuality "1"]

1. e4 c5 2. c3 Nf6 3. e5 Nd5 4. d4 cxd4 5. cxd4 d6 6. Nf3 Nc6 7. Bc4 e6 8. 0-0 Be7 9. Nc3 Nxc3 10. bxc3 dxe5 0-1

[Event "CFriend MZ-2004-6-00001 email"]
[Site "Chessfriend.com"]
[Date "2004.08.28"]
[Round "1"]
[White "Noble, Walden"]
[Black "Sveinsson, Jon"]
[Result "1-0"]
[WhiteElo "1926"]
[BlackElo "1938"]
[PlyCount "91"]
[EventDate "2004.??.??"]
[EventType "tourn (corr)"]
[EventRounds "6"]
[SourceTitle "Corr 2024"]
[Source "ChessBase"]
[SourceDate "2023.10.19"]
[SourceVersion "1"]
[SourceVersionDate "2023.10.19"]
[SourceQuality "1"]

1. e4 c5 2. Nf3 d6 3. d4 cxd4 4. Nxd4 Nf6 5. Nc3 g6 6. Be3 Bg7 7. f3 0-0 8. Qd2 Nc6 9. Be2 d5 10. 0-0-0 dxe4 11. Nxc6 Qxd2+ 12. Rxd2 bxc6 13. Nxe4 Nd5 14. Bc5 Re8 15. c4 Nf4 16. Bd1 f5 17. Nc3 Ne6 18. Be3 f4 19. Bf2 Rd8 20. Rxd8+ Nxd8 21. Na4 Ne6 22. Nc5 Nxc5 23. Bxc5 Be6 24. b3 Kf7 25. Bc2 a5 26. Rd1 a4 27. bxa4 g5 28. Bb3 Be5 29. Bb6 Bc3 30. Rd8 Rxd8 31. Bxd8 c5 32. a5 Bc8 33. Ba4 g4 34. Bc6 gxf3 35. gxf3 Ke6 36. Kd1 Kd6 37. Bb5 Bb7 38. Ke2 Ba8 39. a6 e5 40. Bg5 Kc7 41. h4 Bd4 42. Ba4 e4 43. Bxf4+ Kb6 44. fxe4 Bxe4 45. Bb5 Bf5 46. Kf3 1-0

[Event "IECG QE.2004.0.00076"]
[Site "IECG email"]
[Date "2004.08.27"]
[Round "?"]
[White "Noble, Walden"]
[Black "El Mulo, El Mulo"]
[Result "1/2-1/2"]
[WhiteElo "1250"]
[BlackElo "1323"]
[PlyCount "56"]
[EventDate "2004.08.27"]
[EventType "tourn (corr)"]
[EventRounds "6"]
[SourceTitle "Corr 2008"]
[Source "ChessBase"]
[SourceDate "2008.06.24"]
[SourceVersion "1"]
[SourceVersionDate "2008.06.24"]
[SourceQuality "1"]

1. e4 e5 2. Nf3 Nc6 3. d4 exd4 4. c3 d5 5. exd5 Qxd5 6. Be2 Bf5 7. cxd4 Bxb1 8. Rxb1 Bb4+ 9. Bd2 Bxd2+ 10. Qxd2 0-0-0 11. 0-0 Nge7 12. Qc2 Nxd4 13. Nxd4 Qxd4 14. Rfd1 Qf6 15. Rxd8+ Rxd8 16. Qxh7 Qe5 17. Bf3 Ng6 18. Qh3+ f5 19. g3 Qf6 20. Rd1 Rh8 21. Qf1 Ne5 22. Bg2 f4 23. Qb5 f3 24. Bf1 Kb8 25. Re1 Nc6 26. h4 a6 27. Qc5 Rd8 28. b3 a5 1/2-1/2

[Event "IECG CE.2004.0.00076 email"]
[Site "IECG email"]
[Date "2004.08.24"]
[Round "?"]
[White "Manganelli, Luca"]
[Black "Noble, Walden"]
[Result "0-1"]
[WhiteElo "1249"]
[BlackElo "1250"]
[PlyCount "44"]
[EventDate "2004.08.24"]
[EventType "tourn (corr)"]
[EventRounds "6"]
[SourceTitle "Corr 2008"]
[Source "ChessBase"]
[SourceDate "2008.06.24"]
[SourceVersion "1"]
[SourceVersionDate "2008.06.24"]
[SourceQuality "1"]

1. e4 c5 2. Nf3 Nc6 3. b3 e6 4. Bb5 Nge7 5. 0-0 a6 6. Bxc6 Nxc6 7. Bb2 b5 8. Re1 Bb7 9. a4 b4 10. c3 d5 11. exd5 Qxd5 12. Re3 Bd6 13. cxb4 cxb4 14. Bxg7 Rg8 15. Bb2 Bf4 16. d3 Bxe3 17. fxe3 Rd8 18. Nbd2 Qxd3 19. e4 Qe3+ 20. Kh1 Qf2 21. Qf1 Rxd2 22. Nxd2 Qxd2 0-1

[Event "IECG CE.2004.0.00076 email"]
[Site "IECG email"]
[Date "2004.08.24"]
[Round "?"]
[White "Noble, Walden"]
[Black "Boyd, John Michael"]
[Result "1/2-1/2"]
[WhiteElo "1250"]
[BlackElo "1335"]
[PlyCount "55"]
[EventDate "2004.08.24"]
[EventType "tourn (corr)"]
[EventRounds "6"]
[SourceTitle "Corr 2008"]
[Source "ChessBase"]
[SourceDate "2008.06.24"]
[SourceVersion "1"]
[SourceVersionDate "2008.06.24"]
[SourceQuality "1"]

1. e4 Nf6 2. e5 Nd5 3. d4 d6 4. Nf3 Bg4 5. Be2 c6 6. 0-0 Bxf3 7. Bxf3 dxe5 8. dxe5 e6 9. c4 Ne7 10. Qxd8+ Kxd8 11. Bd2 Nd7 12. Bc3 g5 13. Nd2 Ng6 14. Rad1 Kc7 15. Rfe1 h5 16. Be4 Ngxe5 17. Bc2 Bg7 18. Ne4 Rhg8 19. b3 g4 20. Ba5+ b6 21. Bd2 f6 22. Bf4 Rad8 23. b4 Rh8 24. c5 bxc5 25. bxc5 Bh6 26. Bxe5+ Nxe5 27. Nxf6 Rxd1 28. Rxd1 1/2-1/2

[Event "CFriend SL-2004-0-00022 email"]
[Site "Chessfriend.com"]
[Date "2004.08.21"]
[Round "?"]
[White "Wurm, Tamas"]
[Black "Noble, Walden"]
[Result "0-1"]
[WhiteElo "1322"]
[BlackElo "1250"]
[PlyCount "56"]
[EventDate "2004.??.??"]
[EventType "tourn (corr)"]
[EventRounds "7"]
[SourceTitle "Corr 2008"]
[Source "ChessBase"]
[SourceDate "2008.06.24"]
[SourceVersion "1"]
[SourceVersionDate "2008.06.24"]
[SourceQuality "1"]

1. d4 Nf6 2. c4 e6 3. Nc3 Bb4 4. Qc2 0-0 5. a3 Bxc3+ 6. Qxc3 b6 7. Bg5 Bb7 8. e3 h6 9. Bh4 d6 10. f3 c5 11. Bd3 cxd4 12. exd4 Nc6 13. Ne2 Ne4 14. Bxd8 Nxc3 15. Nxc3 Rfxd8 16. d5 Ne5 17. Be2 Rac8 18. dxe6 fxe6 19. b3 d5 20. Rd1 d4 21. Ne4 d3 22. Bf1 Bxe4 23. fxe4 b5 24. cxb5 Rc2 25. Rd2 Rc1+ 26. Rd1 d2+ 27. Ke2 Rxd1 28. Kxd1 Ng4 0-1

[Event "CFriend AP-2004-Q-00016 email"]
[Site "Chessfriend.com"]
[Date "2004.08.18"]
[Round "?"]
[White "Zebre, Peter"]
[Black "Noble, Walden"]
[Result "1-0"]
[WhiteElo "1321"]
[BlackElo "1741"]
[PlyCount "71"]
[EventDate "2004.??.??"]
[EventType "tourn (corr)"]
[EventRounds "12"]
[SourceTitle "Corr 2008"]
[Source "ChessBase"]
[SourceDate "2008.06.24"]
[SourceVersion "1"]
[SourceVersionDate "2008.06.24"]
[SourceQuality "1"]

1. d4 Nf6 2. c4 e6 3. Nc3 Bb4 4. Qc2 0-0 5. a3 Bxc3+ 6. Qxc3 b6 7. Bg5 Bb7 8. e3 d6 9. Ne2 Nbd7 10. Qd3 e5 11. Nc3 exd4 12. exd4 h6 13. Bh4 Qe8+ 14. Be2 g5 15. Bg3 Bxg2 16. Rg1 Be4 17. Nxe4 Qxe4 18. h4 Rfe8 19. Kd2 d5 20. f3 Qe6 21. Rae1 c5 22. hxg5 hxg5 23. Bf4 g4 24. Qc2 b5 25. Bd1 Qb6 26. Qf5 Rxe1 27. Qg5+ Kf8 28. Rxe1 dxc4 29. Bc2 b4 30. Kc1 bxa3 31. bxa3 Ne8 32. Qe7+ Kg7 33. Qh4 Nf8 34. Rh1 Ng6 35. Qh6+ Kg8 36. Bxg6 1-0

[Event "CFriend AT-2004-0-00070 email"]
[Site "Chessfriend.com"]
[Date "2004.07.31"]
[Round "1"]
[White "Pires, Miguel"]
[Black "Noble, Walden"]
[Result "0-1"]
[WhiteElo "1399"]
[BlackElo "1926"]
[PlyCount "72"]
[EventDate "2004.??.??"]
[EventType "tourn (corr)"]
[EventRounds "2"]
[SourceTitle "Corr 2024"]
[Source "ChessBase"]
[SourceDate "2023.10.19"]
[SourceVersion "1"]
[SourceVersionDate "2023.10.19"]
[SourceQuality "1"]

1. e4 c5 2. Nf3 Nc6 3. d4 cxd4 4. Nxd4 Nf6 5. Nc3 e5 6. Ndb5 d6 7. Bg5 a6 8. Na3 b5 9. Nd5 Be7 10. Bxf6 Bxf6 11. c3 0-0 12. Qd2 Bg5 13. Qd3 f5 14. Be2 fxe4 15. Qxe4 Bf5 16. Qf3 Be6 17. Qd3 Nd4 18. cxd4 Bxd5 19. dxe5 dxe5 20. 0-0 e4 21. Qg3 Qf6 22. Nc2 Bh4 23. Qe3 Qxb2 24. Qd2 Bxa2 25. g3 Bf6 26. Rac1 Rac8 27. Bg4 Rfd8 28. Qe2 Bc4 29. Qxe4 Bxf1 30. Be6+ Kh8 31. Rxf1 Rxc2 32. Bd7 Rxf2 33. Rxf2 Bd4 34. Qf3 Qxf2+ 35. Qxf2 Bxf2+ 36. Kxf2 Rxd7 0-1